• 首页
  • 本馆介绍
  • 公告通知
  • 最新文献
  • 馆藏检索
  • 电子资源
  • 读者导购
  • 参考咨询
  • 我的图书馆
  • 登录
  • 详细信息显示
  • 放入我的书架
  • 预约/预借图书
  • 作者相关作品
  • 分类相关作品
  • 丛书相关作品
  • 出版社相关作品

书目信息

  • 表格格式
  • 工作单格式
  • 卡片格式
题名:
中国足球黑幕
    
 
作者: 惊涛拍岸 著
分册:  
出版信息: 北京   科学出版社  2010
页数: 248页
开本: 24cm
丛书名:
单 册:
中图分类: I253.4 , G843.92
科图分类:
主题词: 报告文学--中国--现代 , 足球运动--中国--史料 , 报告文学 , 足球运动
电子资源:
ISBN: 978-7-03-026979-9
000 00898nam0 2200277 45
001 1138462063
005 20110419104622.56
010    @a978-7-03-026979-9@dCNY28.00
100    @a20110409d2010 em y0chiy50 ea
101 0  @achi
102    @aCN@b110000
105    @ay z 000zy
106    @ar
200 1  @a中国足球黑幕@AZhong Guo Zu Qiu Hei Mu@e第一波@EDi Yi Bo@f惊涛拍岸著@FJing Tao Pai An Zhu
210    @a北京@c科学出版社@d2010
215    @a248页@d24cm
330    @a本书揭露了中国足坛腐败的黑幕,内容包括:南勇的堕落;乌烟瘴气的国家队;纷乱的足球江湖;天堂在左,地狱在右;陆俊引发新一轮黑哨群体事件。
606 0  @a报告文学@y中国@z现代
606 0  @a足球运动@y中国@j史料
606 0  @a报告文学
606 0  @a足球运动
690    @aI253.4@v4
690    @aG843.92@v4
701  0 @a惊涛拍岸@AJing Tao Pai An@4著
801  0 @aCN@bTANGWEI@c20110419
905    @b0535904-08@dI253.4@e795@f5
    
    中国足球黑幕:第一波/惊涛拍岸著.-北京:科学出版社,2010
    248页;24cm
    
    
    ISBN 978-7-03-026979-9:CNY28.00
    本书揭露了中国足坛腐败的黑幕,内容包括:南勇的堕落;乌烟瘴气的国家队;纷乱的足球江湖;天堂在左,地狱在右;陆俊引发新一轮黑哨群体事件。
●
相关链接 在E读中查询图书 在五车中查询图书 在当当中查询图书 在豆瓣中查询图书


正题名:中国足球黑幕     索取号:I253.4/795         预约/预借

序号 登录号 条形码 馆藏地/架位号 状态 备注
1 0535904   205359048   第一样本阅览室/ [索取号:I253.4/795] 在馆    
2 0535905   205359057   第二借阅区/ [索取号:I253.4/795] 在馆    
3 0535906   205359066   第二借阅区/ [索取号:I253.4/795] 在馆    
4 0535907   205359075   第二借阅区/ [索取号:I253.4/795] 在馆    
5 0535908   205359084   第二借阅区/ [索取号:I253.4/795] 在馆    
唐山师范学院图书馆 欢迎您!
大连网信软件有限公司© 版权所有